| 000 | 00872nam a2200265Ia 4500 | ||
|---|---|---|---|
| 008 | 130821s2005 mx gr spa | ||
| 020 | _a9681858719 | ||
| 040 |
_aCo-BoUCM _bspa |
||
| 041 | 0 | 0 | _aspa |
| 100 | 1 | _aParedes Chavarria, Elia Acacia | |
| 245 | 1 | 0 |
_aProntuario de lectura, lingüística, redacción, comunicación oral y nociones de literatura _cAlia Acacia Paredes Chavarría |
| 250 | _a2a. Ed. | ||
| 260 |
_aMéxico D.F. (México) _bLimusa _c2005 |
||
| 300 | _a446 páginas | ||
| 504 | _aIncluye índice y bibliografía | ||
| 650 | 0 | 4 |
_aComunicación escrita _911369 |
| 650 | 0 | 4 |
_aComunicación oral _911384 |
| 650 | 0 | 4 |
_aLectura _918308 |
| 650 | 0 | 4 | _aLingÜistica |
| 650 | 0 | 4 |
_aLiteratura _918599 |
| 650 | 0 | 4 |
_aRedacción _923227 |
| 650 | 0 | 4 | _aTeoria lingÜistica |
| 942 |
_cLIBRO _a12 _e2 _mP227p _2DEWEY _h410 |
||
| 999 |
_c45980 _d45980 |
||